Entrepreneurial Management (Record no. 2308)

MARC details
000 -LEADER
fixed length control field 00403nam a22001697a 4500
005 - DATE AND TIME OF LATEST TRANSACTION
control field 20210918164102.0
008 - FIXED-LENGTH DATA ELEMENTS--GENERAL INFORMATION
fixed length control field 160601b xxu||||| |||| 00| 0 eng d
020 ## - INTERNATIONAL STANDARD BOOK NUMBER
ISBN 0-07-098616-0
041 ## - LANGUAGE CODE
Language code of text/sound track or separate title eng
082 ## - DEWEY DECIMAL CLASSIFICATION NUMBER
Item number 6565
Classification number 658.11
100 ## - MAIN ENTRY--AUTHOR NAME
Personal name Calvin, Robert J.
245 ## - TITLE STATEMENT
Title Entrepreneurial Management
260 ## - PUBLICATION, DISTRIBUTION, ETC. (IMPRINT)
Name of publisher TMH
Year of publication 2004
Place of publication delhi
300 ## - PHYSICAL DESCRIPTION
Number of Pages 285p,
650 ## - SUBJECT ADDED ENTRY--TOPICAL TERM
Topical Term Management
942 ## - ADDED ENTRY ELEMENTS (KOHA)
Koha item type Books
Holdings
Lost status Damaged status Collection code Home library Current library Shelving location Date acquired Full call number Accession Number Koha item type
    MANAGEMENT JRU Library JRU Library SHELF-70 E 01/06/2016 658.11 6565 Books
    MANAGEMENT JRU Library JRU Library SHELF-70 E 01/06/2016 658.11 6566 Books
    MANAGEMENT JRU Library JRU Library SHELF-70 E 01/06/2016 658.11 6567 Books
    MANAGEMENT JRU Library JRU Library SHELF-70 E 01/06/2016 658.11 6568 Books
    MANAGEMENT JRU Library JRU Library SHELF-70 E 01/06/2016 658.11 6569 Books
    MANAGEMENT JRU Library JRU Library SHELF-70 E 01/06/2016 658.11 6570 Books
    Reference JRU Library   SHELF-28-E 01/06/2016 658.11 6571 Books
    MANAGEMENT JRU Library JRU Library SHELF-70 E 01/06/2016 658.11 6572 Books
    MANAGEMENT JRU Library JRU Library SHELF-70 E 01/06/2016 658.11 6573 Books
    MANAGEMENT JRU Library JRU Library SHELF-70 E 01/06/2016 658.11 6574 Books